Score 0/32 Timer 06:00
0 Plays Today
Definition OI Word % Correct
Cook in waterBoil
99.2%
Church singing groupChoir
88.8%
Work hardToil
86.2%
DirtSoil
85.8%
A spring, e.g.Coil
83.2%
Fencing swordFoil
81.5%
DampMoist
77.4%
Connect two thingsJoin
72.5%
Drug used to boost muscle growthSteroid
71.1%
Superman's squeezeLois
70.2%
Ruin, decay or go badSpoil
68.6%
Keep away fromAvoid
67.3%
Cancel or nullifyVoid
66.3%
Dark, edgy film genreNoir
64.8%
Robot with human featuresAndroid
61.2%
Actress Jolie's actor dadVoight
52.6%
Definition OI Word % Correct
Floor or ceiling supportJoist
52.4%
Lift upHoist
52.4%
Balance, grace or tactPoise
50.2%
A hairdoCoif
49.7%
Agatha Christie detectivePoirot
47.8%
Plant often associated with ChristmasPoinsettia
46.7%
Shaggy expression on 'Scooby Doo'Zoinks
37.8%
Plastic used in old movie filmCelluloid
34.4%
A type of high-end steakSirloin
34.2%
Her 'Hints' help around the houseHeloise
33.5%
Adept or skillfulAdroit
30.7%
Decorative needleworkEmbroidery
29.5%
Throat mass that swells when sickAdenoid
24.3%
A feat or act of daringExploit
12.2%
A quick, witty replyRejoinder
10.5%
Video game with a female bounty hunterMetroid
8.6%

You're not logged in!

Compare scores with friends on all Sporcle quizzes.
OR
Log In

Sporcle TV

Today on Sporcle TV


Watch our educational content, quiz creation guides, and fun videos on Sporcle TV.

Show Comments

Extras

Top Quizzes Today


Score Distribution

Paid Content

Your Account Isn't Verified!

In order to create a playlist on Sporcle, you need to verify the email address you used during registration. Go to your Sporcle Settings to finish the process.

Report this User

Report this user for behavior that violates our Community Guidelines.

Details: